فيروسات الكمبيوتر / (رقم التسجيلة. 7654)

تفاصيل مارك
000 -LEADER
fixed length control field 00546nam a22001817a 4500
005 - DATE AND TIME OF LATEST TRANSACTION
control field 20251108164245.0
008 - FIXED-LENGTH DATA ELEMENTS--GENERAL INFORMATION
fixed length control field 250721s1994 xx 000 0 ara d
082 14 - DEWEY DECIMAL CLASSIFICATION NUMBER
Classification number 621.381953/عام
100 1# - MAIN ENTRY--PERSONAL NAME
Personal name أبو علي، عامر فايز
245 10 - TITLE STATEMENT
Title فيروسات الكمبيوتر /
264 1# - PRODUCTION, PUBLICATION, DISTRIBUTION, MANUFACTURE, AND COPYRIGHT NOTICE
Place of production, publication, distribution, manufacture الكويت :
Name of producer, publisher, distributor, manufacturer مكتبة الفلاح،
Date of production, publication, distribution, manufacture, or copyright notice 1994.
300 ## - PHYSICAL DESCRIPTION
Extent 169 ص
490 0# - SERIES STATEMENT
Series statement كتب الكمبيوتر العربية ؛6
650 17 - SUBJECT ADDED ENTRY--TOPICAL TERM
Topical term or geographic name as entry element فيروسات الحاسوب
650 17 - SUBJECT ADDED ENTRY--TOPICAL TERM
Topical term or geographic name as entry element الحواسيب
942 ## - ADDED ENTRY ELEMENTS (KOHA)
Source of classification or shelving scheme Dewey Decimal Classification
Koha item type كتب
المقتنيات
حالة السحب حالة الفقدان مصدر التصنيف حالة التلف غير قابل للإعارة المكتبة الرئيسية المكتبة الحالية موقع الرف تاريخ التزويد الرقم المتسلسل Total Checkouts رقم الإستدعاء تاريخ آخر ظهور تاريخ الفاتورة نوع المادة (كوها) الباركود
    Dewey Decimal Classification Unchecked   مكتبة الجويدة مكتبة الجويدة الإعارة 06/07/2004 6420   621.381953/عام 28/07/2025 06/07/2004 كتب  
    Dewey Decimal Classification Unchecked   مكتبة الحسن العامة مكتبة الحسن العامة الإعارة 06/07/2004 10958   621.381953/عام 28/07/2025 06/07/2004 كتب  
    Dewey Decimal Classification Unchecked   مكتبة النصر العامة مكتبة النصر العامة الإعارة 06/07/2004 9203   621.381953/عام 28/07/2025 06/07/2004 كتب  
    Dewey Decimal Classification     مكتبة حمزة العامة مكتبة حمزة العامة الإعارة 26/10/2015 [6053].   621.381953/عام 28/07/2025 26/10/2015 كتب PLD00359796
    Dewey Decimal Classification     مكتبة وادي السير العامة مكتبة وادي السير العامة الإعارة 15/03/2016 [7314]..   621.381953/عام 28/07/2025 15/03/2016 كتب PLD00379982
Implemented & Customized by: BBB with SCIT (Smart Chains for Information Technology)

Powered by Koha